| 000 | 00373 a2200169 4500 | ||
|---|---|---|---|
| 001 | 71126 | ||
| 020 | _a8516004600 | ||
| 040 | _cAnchieta - Colégio São Paulo | ||
| 100 | _aMuniz, Flávia | ||
| 240 | 1 | 0 |
_aSabido e Danado _lpor |
| 245 | 1 | 0 | _aSabido e Danado |
| 300 | _a24 | ||
| 362 | 0 | _a1991 | |
| 440 | 1 | _aModerna | |
| 650 | 4 | _aLiteratura infanto-juvenil | |
| 942 | _cBK | ||
| 999 |
_c71126 _d71126 |
||